000 00928nam a22003017a 4500
001 BR9705250
003 BR-BrBNA
005 20230928095747.0
007 ta
008 230509b bl.||||| |||| 00| 0 por d
040 _aBR-BrBNA
_bpor
_cBiblioteca Nacional de Agricultura
041 _a(Por)
072 _aP06
_b3430
090 _ 3430 BR9705250
100 1 _aAzevedo, D.M.P. de
110 1 _aUniversidade Federal Rural de Pernambuco, Recife (Brasil)
_0Tese (Mestre em Botanica)
245 1 _aEfeito do extrato de autolisado de levedura \\\{Saccharomyces cerevisiae]na fermentacao etanolica
260 3 _aRecife, PE (Brasil):
_c1996.
300 _a85 p.
500 _aSummaries (Eng, Por); 7 illus.; 25 tables; Bibliography p. 80-85
650 _aBiotecnologia
650 _aLevedo
650 _aFermento
650 _aFermentacao
650 _aEtanol
909 _a202309
_bLucia
_c55
_dLucia Elande
942 _cBK
999 _c58506
_d58506